<?xml version="1.0" encoding="UTF-8"?>
<collection xmlns="http://www.loc.gov/MARC21/slim">
    <record>
        <controlfield tag="001">78747</controlfield>
        <controlfield tag="005">20190329103555.0</controlfield>
        <datafield tag="024" ind1="8" ind2=" ">
            <subfield code="2">sideral</subfield>
            <subfield code="a">101772</subfield>
        </datafield>
        <datafield tag="037" ind1=" " ind2=" ">
            <subfield code="a">ART-2016-101772</subfield>
        </datafield>
        <datafield tag="041" ind1=" " ind2=" ">
            <subfield code="a">eng</subfield>
        </datafield>
        <datafield tag="100" ind1=" " ind2=" ">
            <subfield code="0">(orcid)0000-0002-4919-8113</subfield>
            <subfield code="a">González Vera, Pilar</subfield>
            <subfield code="u">Universidad de Zaragoza</subfield>
        </datafield>
        <datafield tag="245" ind1=" " ind2=" ">
            <subfield code="a">"Los juegos del hambre": un mundo distópico, intertextual y simbólico</subfield>
        </datafield>
        <datafield tag="260" ind1=" " ind2=" ">
            <subfield code="c">2016</subfield>
        </datafield>
        <datafield tag="506" ind1="0" ind2=" ">
            <subfield code="a">Access copy available to the general public</subfield>
            <subfield code="f">Unrestricted</subfield>
        </datafield>
        <datafield tag="520" ind1="3" ind2=" ">
            <subfield code="a">En los últimos años el éxito de las novelas adulto-juveniles ha traspasado las cubiertas de los libros cobrando vida en la gran pantalla y convirtiéndose estas adaptaciones en éxitos de taquilla y fenómenos socioculturales. Ejemplo de ello son sagas como Harry Potter (2001), Las Crónicas de Narnía (2005), Crepúsculo (2008) o, más recientemente, Los Juegos del Hambre (2012). La siguiente investigación tiene como objeto de estudio la tri logia Los Juegos del Hambre, escrita por Suzanne Collins y compuesta por Los Juegos del Hambre, En Llamas y Sínsajo. En ella se presenta una visión del mundo en un futuro en la que tras una guerra civil los habitantes del ficticio Panem viven bajo la opresión de una dictadura. El análisis incluye un estudio de la intertextualidad presente en la obra y, en especial, en la versión audiovisual, así como un análisis de las alusiones a los clásicos, la guerra y la telerrealidad a través de sus personajes, sus nombres y la distopía.</subfield>
        </datafield>
        <datafield tag="540" ind1=" " ind2=" ">
            <subfield code="9">info:eu-repo/semantics/openAccess</subfield>
            <subfield code="a">All rights reserved</subfield>
            <subfield code="u">http://www.europeana.eu/rights/rr-f/</subfield>
        </datafield>
        <datafield tag="655" ind1=" " ind2="4">
            <subfield code="a">info:eu-repo/semantics/article</subfield>
            <subfield code="v">info:eu-repo/semantics/publishedVersion</subfield>
        </datafield>
        <datafield tag="710" ind1="2" ind2=" ">
            <subfield code="1">3004</subfield>
            <subfield code="2">345</subfield>
            <subfield code="a">Universidad de Zaragoza</subfield>
            <subfield code="b">Dpto. Filolog.Inglesa y Alema.</subfield>
            <subfield code="c">Área Filología Inglesa</subfield>
        </datafield>
        <datafield tag="773" ind1=" " ind2=" ">
            <subfield code="g">14 (2016), 93-104</subfield>
            <subfield code="p">Anu. investig. lit. infant. juv.</subfield>
            <subfield code="t">Anuario de investigación en literatura infantil y juvenil</subfield>
            <subfield code="x">1578-6072</subfield>
        </datafield>
        <datafield tag="856" ind1="4" ind2="1">
            <subfield code="u">https://dialnet.unirioja.es/servlet/articulo?codigo=5784180</subfield>
            <subfield code="z">Texto completo de la revista</subfield>
        </datafield>
        <datafield tag="856" ind1="4" ind2=" ">
            <subfield code="s">261044</subfield>
            <subfield code="u">http://zaguan.unizar.es/record/78747/files/texto_completo.pdf</subfield>
            <subfield code="y">Versión publicada</subfield>
        </datafield>
        <datafield tag="856" ind1="4" ind2=" ">
            <subfield code="s">60408</subfield>
            <subfield code="u">http://zaguan.unizar.es/record/78747/files/texto_completo.jpg?subformat=icon</subfield>
            <subfield code="x">icon</subfield>
            <subfield code="y">Versión publicada</subfield>
        </datafield>
        <datafield tag="909" ind1="C" ind2="O">
            <subfield code="o">oai:zaguan.unizar.es:78747</subfield>
            <subfield code="p">articulos</subfield>
            <subfield code="p">driver</subfield>
        </datafield>
        <datafield tag="951" ind1=" " ind2=" ">
            <subfield code="a">2019-03-29-08:28:27</subfield>
        </datafield>
        <datafield tag="980" ind1=" " ind2=" ">
            <subfield code="a">ARTICLE</subfield>
        </datafield>
    </record>

    
</collection>